| 000 | 00660nam a22001697a 4500 | ||
|---|---|---|---|
| 041 | _aeng | ||
| 080 | _a81.2 | ||
| 090 | _bЖЛУ | ||
| 100 | _aЖлуктенко, Ю.О. | ||
| 245 | _aУкраїнсько-англійський словник | ||
| 250 | _a2 | ||
| 260 |
_aКиїв _bРадянська школа _c1984 |
||
| 300 | _a445 | ||
| 520 | _aСловарь содержит около 20 000 наиболее употребительных английских слов и словосочетаний, достаточных для понимания текстов средней трудности. | ||
| 650 | _aReference | ||
| 999 |
_c279762 _d279762 |
||
| 942 | _cBK | ||